Chamissos sämtliche Werke : in 2 Bänden /

Hlavní autor: Chamisso, Adelbert von, 1781-1838
Jazyk: Němčina
Vydáno: Berlin : Weichert, [1915?]
Fyzický popis: 1 sv. (xxviii, 334, 547 s.)
Knihy
Uloženo v:
LEADER 00698nam a22002052a 4500
001 001099826
003 CZ BrMZK
005 20100806074231.0
007 ta
008 100602s1915 gw er|||||||||||ger d
040 |a BOA001  |b cze 
100 1 |a Chamisso, Adelbert von,  |d 1781-1838  |7 jn20000603091  |4 aut 
245 1 0 |a Chamissos sämtliche Werke :  |b in 2 Bänden /  |c Adelbert von Chamisso ; mit einer biographischen Einleitung von Rod. Böttcher 
260 |a Berlin :  |b Weichert,  |c [1915?] 
300 |a 1 sv. (xxviii, 334, 547 s.) 
910 |a BOA001  |b 1-0255.074 
990 |a BK 
993 |a Y 
991 |b 201006 
996 6 |b 2619719115  |c 1-0255.074  |l MZK  |r Sklad / do 1 hodiny  |n 1  |w 001126197  |u 000010  |a 1  |e BOA001  |j MZK50  |s P